header

100 years of Spanish cinema (Record no. 67514)

MARC details
000 -LEADER
fixed length control field 01374nam a2200349 a 4500
082 04 - DEWEY DECIMAL CLASSIFICATION NUMBER
Classification number 791.430946
245 00 - TITLE STATEMENT
Title 100 years of Spanish cinema
260 ## - PUBLICATION, DISTRIBUTION, ETC. (IMPRINT)
Place of publication Malden, MA :
Name of publisher Wiley-Blackwell,
Year of publication 2009.
300 ## - PHYSICAL DESCRIPTION
Number of Pages xv, 277 p. :
Other physical details ill.
650 #0 - SUBJECT ADDED ENTRY--TOPICAL TERM
Topical Term Motion pictures
700 1# - ADDED ENTRY--PERSONAL NAME
Personal name Pavlovic, Tatjana.
856 40 - ELECTRONIC LOCATION AND ACCESS
Uniform Resource Identifier http://site.ebrary.com/lib/rucke/Doc?id=10301475

No items available.

© 2026 Rongo University
Contact us: librarian | system librarian | Rongo university